000 00503nam a2200157 a 4500
001 000007423
005 20200929154151.0
008 090908s1936 dr 001 0 spa d
040 _aDO-SdBNP
_bspa
_cBNPHU
082 _axxxx
_bC348c
100 1 _aCastellano, José Ramón,
_920613
245 1 0 _aContabilidad agrícola /
_cJosé Ramón Castellano.
260 _aCiudad Trujillo, República Dominicana :
_bSecretaría de Estado de Agricultura
_bCaribes,
_c1936.
300 _a21 p. ;
_c23 cm.
049 _aBNPD
999 _c7204
_d7204